00743nam a2200217Ia 4500003000900000008004100009020003000050020003100080022002200111022002300133040001600156100002400172245006500196260005700261300002000318490002900338650003400367650004300401650001200444856006900456IN-BaIIA211028s9999 xx s 000 0 eng d a978-3-540-43705-5 (Print) a978-3-540-47895-9 (Online) a0075-8450 (Print) a1616-6361 (Online) cIIA Library aBeyer, Michael, ed. 0aCP Violation in Particle, Nuclear, and Astrophysicsh[eBook] aHeidelberg, BerlinbSpringer Berlin Heidelbergc2002 aOnline resource aLecture Notes in Physics a Particle and Nuclear Physics a Quantum Field Theories, String Theory aPhysics uhttp://doi.org/10.1007/3-540-47895-7yClick Here to Access eBook